00560nam a2200181Ii 450000100060000000300090000600800410001504000330005604100080008908200170009710000450011424500710015926400550023030000120028533600260029733700280032333800270035122808CO-ViMGA241108s9999||||xx |||||||||||||| ||und|| aCO-ViMGAbspaerdacCO-ViMGA0 aspa04a918.6156 R271 aRestrepo Echavarría, Emiliano, d1832-10aUna excursión al territorio de San Martín en diciembre de 1869 1aBogotá, Colombia : Banco de la República, 1955 avolumen atextbtxt2rdacontent aunmediatedbn2rdamedia avolumebnc2rdacarrier